Statistics for Grey's Anatomy Characters

Click here to take the quiz!

General Stats

  • This quiz has been taken 408 times
  • The average score is 19 of 22

Answer Stats

DescriptionAnswer% Correct
Meredith's "person"Cristina Yang
100%
Nicknamed 'the nazi'Miranda Bailey
97%
Is called 'Evil Spawn'Alex Karev
96%
Beats cancer, then leaves her husbandIzzie Stevens
95%
Has a photogenic memoryLexie Grey
95%
Attending pediatrics surgeon who starts a fetal surgery fellowshipArizona Robbins
94%
Derek's best friendMark Sloan
94%
Is called 'Medusa' by the internsMeredith Grey
94%
Chief of surgery (at the beginning)Richard Webber
93%
Part of the 'Plastics Posse'Jackson Avery
89%
Marries a man to get him insuranceTeddy Altman
89%
Started on the show as an AnesthesiologistBen Warren
88%
Quits being a doctor to join the armyGeorge O'Malley
86%
Works with the presidentDerek Shepherd
85%
Pulled an icicle out of another doctorOwen Hunt
85%
Leaves his fiancée at the altarPreston Burke
84%
Former drug addict who is now cleanAmelia Shepherd
82%
Lived in a car during high schoolJo Wilson
82%
Failed her first attempt of the boardsApril Kepner
80%
Both of the people she marries cheat on herCallie Torres
75%
Has an awakening after sleeping with a womanErica Hahn
42%
Likes to solve puzzlesMaggie Pierce
41%

Score Distribution

Percentile by Number Answered

Percent of People with Each Score

Your Score History

You have not taken this quiz